00289nam a22001097a 4500008004100000020002200041082001000063100001500073245005500088260001800143300001800161230405b |||||||| |||| 00| 0 eng d a978-0-241-30068-8 a155.2 aSusan Cain aBittersweet,bHow sorrow and longing make us whole bViking,c2021 a310 p.c23 cm